000 01412nab a22002777a 4500
999 _c6358
_d6358
003 OSt
005 20260131195700.0
008 190603e xxum|||| |||| 00| 0 spa d
040 _cPJ
100 _96875
_aQuirós, César Ezequiel
245 1 0 _aReflexiones sobre el Código Civil y Comercial de la Nación a 10 años de su vigencia /
_cCésar E. Quirós.
260 _cCiudad Autónoma de Buenos Aires :
_aThomson Reuters La Ley,
_b2025.
300 _ap. 119-132
500 _aCita: TR LALEY AR/DOC/2866/2025 Publicado en: RCCyC 2025 (Diciembre).
505 _aSumario: I. Introducción.— II. Antecedentes.— III. Título preliminar.— IV. Parte general.— V. Derecho de familia.— VI. Derecho de las obligaciones.— VII. Responsabilidad civil.— VIII. Derecho de los contratos.— IX. Derechos reales.— X. Derecho sucesorio.— XI. Conclusiones.
505 _t¿Te interesa el texto completo? Solicitalo al correo: koha@justierradelfuego.gov.ar
650 0 _91497
_aCODIGO CIVIL Y COMERCIAL
650 0 _92710
_aDERECHO PRIVADO
650 0 _9967
_aDERECHO DE FAMILIA
650 0 _9352
_aDERECHO CIVIL
650 0 _aDERECHO COMERCIAL
_91602
650 0 _aDERECHO DE FAMILIA
_9967
650 0 _aDERECHOS REALES
_91821
773 0 _02713
_93170
_dCiudad Autónoma de Buenos Aires : Thomson Reuters La Ley, 2015-
_tRevista Código Civil y Comercial. Nº 6 - Diciembre 2025
942 _2udc
_cANA